Načítá se...

Dharmaneethiyo ?alla : jeevitham/

Podrobná bibliografie
Hlavní autor: Thakazhi Sivasankara Pillai
Médium: Printed Book
Vydáno: Kottayam: Sahitya Pravartaka Co-operative Society, 1999.
Témata:
LEADER 00752nam a22001691a 4500
082 |a M3  |b THA/D 
100 |a Thakazhi Sivasankara Pillai  |9 85740 
245 |a Dharmaneethiyo ?alla :  |b jeevitham/  |c by Thakazhi Sivasankara Pillai 
260 |a Kottayam:  |b Sahitya Pravartaka Co-operative Society,  |c 1999. 
300 |a 111p. 
650 |a Novel Malayalam  |9 85741 
650 |a Literature Malayalam  |9 85742 
650 |a Literature  |9 85743 
942 |c BK 
999 |c 10520  |d 10520 
952 |0 0  |1 0  |4 0  |6 M_3_000000000000000_THA_D  |7 0  |9 15353  |a SSUS  |b SSUS  |d 2015-01-08  |g 47.00  |o M3 THA/D  |p 014208  |r 2015-01-08  |v 0.00  |w 2015-01-08  |y BK 
952 |0 0  |1 0  |4 0  |6 M_3_000000000000000_THA_D  |7 0  |9 15354  |a SSUS  |b SSUS  |d 2015-01-08  |g 47.00  |l 1  |o M3 THA/D  |p 020814  |r 2016-10-17  |s 2016-10-17  |v 0.00  |w 2015-01-08  |y BK